| 000 | 00854nam a22002297a 4500 | ||
|---|---|---|---|
| 999 |
_c8650 _d8650 |
||
| 003 | AR-CdUCM | ||
| 008 | 190325b ||||| |||| 00| 0 spa d | ||
| 020 | _a978-612-46137-0-8 | ||
| 040 |
_aMUNICIPALIDAD PROVINCIAL DEL CUSCO _cBIBLIOTECA MUNICIPAL DEL CUSCO |
||
| 082 |
_a600 / _bCH11 |
||
| 100 |
_aChoquehuanca Huanca, Andres _96356 |
||
| 245 | _aTeoría de las cuencas hidrográficas / | ||
| 260 |
_aCusco : _bUnsaac, _c2011. |
||
| 300 |
_a293 páginas ; _c21.5 cm. |
||
| 505 | _aContenido : Las cuencas hidrográficas -- Cuencas hidrográficas como unidades espaciales -- Elementos geográficos de las cuencas hidrográficas -- Los ríos y la dinámica fluvial ... | ||
| 650 |
_aCuencas _924182 |
||
| 650 |
_aRios _9918 |
||
| 650 |
_aTeoría _95077 |
||
| 700 |
_aChoquehuanca Ilasaca, Carmen Rosa _924183 |
||
| 942 |
_2ddc _cLIBROS |
||
| 945 | _arah | ||